[Event "Vienna Advent op"]
[Site "Vienna"]
[Date "2023.12.16"]
[Round "6"]
[White "Karall, Lorenz"]
[Black "Stasiv, Oleksandr"]
[Result "0-1"]
[WhiteElo "1754"]
[BlackElo "1833"]
[PlyCount "129"]
[EventDate "2023.12.11"]
[EventType "swiss"]
[EventRounds "7"]
[EventCountry "AUT"]
[SourceTitle "CB51_2023"]
[SourceDate "2023.12.20"]
[SourceVersion "1"]
[SourceVersionDate "2023.12.20"]
[SourceQuality "1"]

1. d4 f5 2. c4 Nf6 3. Nc3 d6 4. g3 g6 5. Bg2 Bg7 6. Bf4 0-0 7. Qd2 Nc6 8. 0-0-0 Ng4 9. Be3 e5 10. Bxc6 bxc6 11. dxe5 Nxe5 12. b3 Qf6 13. Bd4 c5 14. Bxe5 Qxe5 15. Qd5+ Be6 16. Qxe5 Bxe5 17. Nd5 Bxd5 18. Rxd5 f4 19. Nf3 Bg7 20. g4 a5 21. a4 Rae8 22. Kd2 Rf6 23. Rd3 Rfe6 24. Re1 Bb2 25. e3 Ba3 26. Re2 h6 27. Ng1 Kf7 28. exf4 Bc1+ 29. Kxc1 Rxe2 30. Nxe2 Rxe2 31. Rf3 c6 32. Kd1 Rb2 33. Ke1 Rc2 34. Rd3 Ke7 35. h3 Rb2 36. Kf1 h5 37. Kg2 h4 38. Kf3 Ke6 39. Re3+ Kf6 40. Rd3 Ke6 41. Ke3 Rb1 42. Ke4 d5+ 43. cxd5+ cxd5+ 44. Kf3 d4 45. Ke2 Rb2+ 46. Ke1 Kd5 47. f3 Rh2 48. Kf1 c4 49. bxc4+ Kxc4 50. Rd1 Kc3 51. Kg1 Ra2 52. f5 gxf5 53. gxf5 Rxa4 54. Rc1+ Kb2 55. Rc5 d3 56. Kf2 Rd4 57. Ke3 d2 58. Kxd4 d1Q+ 59. Ke4 Qe2+ 60. Kf4 Qd2+ 61. Ke5 Qe3+ 62. Kd6 Qxf3 63. Rxa5 Qxh3 64. f6 Qg3+ 65. Kd5 0-1